| 000 | 01199nam a2200277 a 4500 | ||
|---|---|---|---|
| 001 | 000025119 | ||
| 005 | 20200930023557.0 | ||
| 008 | 110210s2007 dr 001 0 spa d | ||
| 040 |
_aDO-SdBNP _bspa _cBNPHU |
||
| 082 |
_a346.72930135 _bR426c |
||
| 110 | 1 |
_aRepública Dominicana _9447 |
|
| 240 | 1 | 0 | _a[Leyes, etc.]. |
| 245 | 1 | 0 |
_aCódigo del menor : _bley núm. 136-03, promulgado el 7 de agosto de 2003 (modificado por la Ley Núm. 52-07 del 23 de abril de 2007). |
| 246 | 1 | 0 | _aCódigo para el sistema de protección y los derechos fundamentales de niños, niñas y adolescentes |
| 260 |
_a[Santo Domingo], : _bMD, _c[2007?]. |
||
| 300 |
_a212 p. ; _c22 cm. |
||
| 590 | _aInventariado, 2018/BT | ||
| 650 | 4 |
_aAdministración de justicia para menores _xLegislación _zRepública Dominicana _917169 |
|
| 650 | 4 |
_aAsistencia pública _xLegislación _917170 |
|
| 650 | 4 |
_aDerecho de familia _xLegislación _zRepública Dominicana _917171 |
|
| 650 | 4 |
_aTrabajo social con niños _xLegislación _917172 |
|
| 650 | 4 |
_aNiños _xSituación legal _95138 |
|
| 650 | 4 |
_aLeyes _zRepública Dominicana _93033 |
|
| 651 | 4 |
_aRepública Dominicana _xLey 136-03 _917173 |
|
| 910 | _aValidado. Control de calidad. EMS | ||
| 999 |
_c24612 _d24612 |
||